Project management for flat organizations : cost effective steps to achieving successful results

Project Management for Flat Organizations provides solutions to the unique challenges of organizations with flat hierarchical structures. It offers simple processes, tools, techniques, and templates that can be tailored for the best fit and applied immediately to deliver projects efficiently and suc...

Szczegółowa specyfikacja

Zapisane w:
Opis bibliograficzny
1. autor: Burford, Laura Dallas
Format: Książka
Język:Undetermined
Wydane: Ft. Lauderdale, FL J. Ross Pub. 2012
Hasła przedmiotowe:
Etykiety: Dodaj etykietę
Nie ma etykietki, Dołącz pierwszą etykiete!
Thư viện lưu trữ: Trung tâm Học liệu Trường Đại học Cần Thơ
LEADER 00987nam a2200217Ia 4500
001 CTU_188699
008 210402s9999 xx 000 0 und d
020 |c 1117000 
082 |a 658.404 
082 |b B953 
100 |a Burford, Laura Dallas 
245 0 |a Project management for flat organizations : 
245 0 |b cost effective steps to achieving successful results 
245 0 |c Laura Dallas Burford 
260 |a Ft. Lauderdale, FL 
260 |b J. Ross Pub. 
260 |c 2012 
520 |a Project Management for Flat Organizations provides solutions to the unique challenges of organizations with flat hierarchical structures. It offers simple processes, tools, techniques, and templates that can be tailored for the best fit and applied immediately to deliver projects efficiently and successfully with minimal risk and investment 
650 |a Project management.,Quản lý dự án 
904 |i Bằng 
980 |a Trung tâm Học liệu Trường Đại học Cần Thơ